Fitness Trivia 2022 - Statistics

General Stats
  • This quiz has been taken 105 times
  • The average score is 3 of 8
Answer Stats
Question Answer % Correct
Who was Ronnie Colemans biggest rival? Jay Cutler
74%
Who said the famous quote "ain't nothing but a peanut"? Ronnie Coleman
58%
How many times did Lee Haney Win the Mr Olympia? 8 times
47%
Who did Flex Wheeler give steroids to back in the 1990s? Ronnie Coleman
47%
Who was the first Mr Olympia winner? Larry Scott
32%
How many times did Brian Shaw win the world's strongest man? 4
21%
Which person has the most Arnold Classic wins? Dexter Jackson
21%
Who holds the axel press record? Cheick Sanou
16%
No matching quizzes found
Score Distribution
Percent of People with Each Score
Percentile by Number Answered
Your Score History
You have not taken this quiz